Golfers with the Most European Tour Wins Since 2000 - Statistics

General Stats
  • This quiz has been taken 81 times
    36 since last reset
  • The average score is 15 of 21
Answer Stats
# Country Golfer % Correct
20 Northern Ireland Rory McIlroy
100%
35 USA Tiger Woods
100%
14 Spain Sergio Garcia
96%
21 South Africa Ernie Els
93%
10 Spain Jon Rahm
93%
11 Sweden Henrik Stenson
89%
11 England Justin Rose
85%
11 Australia Adam Scott
81%
11 Germany Martin Kaymer
81%
12 England Ian Poulter
78%
16 England Lee Westwood
74%
11 Denmark Thomas Bjørn
67%
11 Northern Ireland Graeme McDowell
63%
11 South Africa Louis Oosthuizen
63%
14 Ireland Pádraig Harrington
63%
11 South Africa Retief Goosen
63%
11 USA Phil Mickelson
59%
10 England Matt Fitzpatrick
37%
15 Spain Miguel Ángel Jiménez
37%
15 England Paul Casey
33%
12 Sweden Alex Norén
30%
No matching quizzes found
Score Distribution
Percent of People with Each Score
Percentile by Number Answered
Your Score History
You have not taken this quiz since the last reset